The leadership challenge : how to get extra ordinary things done in organizations

Bibliographic Details
Main Authors: Kouzes, James M. (Author), Posner, Barry Z. (Author)
Format: Book
Language:English
Published: San Francisco : Jossey-Bass Publishers 1987
Subjects:

MARC

LEADER 00000cam a2200000 7i4500
001 0000020544
005 20241105.0
008 240430 caua eng
020 |a 1555420613 
040 |a INS   |b eng   |e rda 
090 0 0 |a HD57.7   |b .K68 1987 
100 1 |a Kouzes, James M. ,   |e author 
245 1 4 |a The leadership challenge :   |b how to get extra ordinary things done in organizations   |c James M. Kouzes, Barry Z. Posner 
264 1 |a San Francisco :   |b Jossey-Bass Publishers   |c 1987 
300 |a xxx, 362 pages :   |b illustrations ;   |c 23 cm. 
336 |a text  |2 rdacontent 
337 |a unmediated  |2 rdamedia 
338 |a volume  |2 rdacarrier 
504 |a Includes bibliographical references and index 
650 0 |a Executive ability 
650 0 |a Leadership 
650 0 |a Manegement 
700 1 |a Posner, Barry Z. ,   |e author 
999 |a 0000019338   |b BOOK   |c Open Shelf   |e Default branch 
999 |a 0000019339   |b BOOK   |c Open Shelf   |e Default branch 
999 |a 0000019340   |b BOOK   |c Open Shelf   |e Default branch